Control de gestión: una perspectiva de dirección
Salvato in:
| Autore principale: | |
|---|---|
| Natura: | Libro |
| Lingua: | spagnolo |
| Pubblicazione: |
Barcelona
Gestión 2000
2003
|
| Soggetti: | |
| Tags: |
Aggiungi Tag
Nessun Tag, puoi essere il primo ad aggiungerne!!
|
MARC
| LEADER | 00000nam a2200000 a 4500 | ||
|---|---|---|---|
| 001 | UCL8480 | ||
| 003 | CL-VaPUC | ||
| 008 | 040625e20030000SP |||||||||||||||||spa|d | ||
| 020 | |a 8480888415 | ||
| 082 | 0 | 4 | |a 658.15 |b AMA |2 21 |
| 100 | 0 | |a Amat i Salas, Joan M |e author |9 486355 | |
| 245 | 1 | 0 | |a Control de gestión: una perspectiva de dirección |
| 300 | |a 260 p | ||
| 942 | |c BK | ||
| 945 | |d 20040625 00:00:00 |a cmena | ||
| 260 | |a Barcelona |b Gestión 2000 |c 2003 | ||
| 650 | 0 | |a Administración financiera |9 261146 | |
| 650 | 7 | |a CONTROL FINANCIERO |2 CL-VaPUC |9 336644 | |
| 650 | 0 | |a Administración de empresas |9 260833 | |
| 650 | 0 | |a Planificación estratégica |9 259735 | |
| 583 | |a last modification |c 20040625 00:00:00 |k Rodrigo Vera | ||
| 999 | |c 309729 |d 309727 | ||
| 952 | |0 0 |1 0 |4 0 |6 658_150000000000000_AMA_2003 |7 0 |8 A |9 377458 |a BIBING |b BIBING |d 2019-11-21 |i 4030117 |l 1 |o 658.15 AMA 2003 |p 4030117 |q 2016-09-30 |r 2020-08-03 |s 2020-08-03 |w 2019-11-21 |y BK |k EII | ||